| 000 | 00449nam a2200157 a 4500 | ||
|---|---|---|---|
| 005 | 20140310183254.0 | ||
| 008 | 041027s19uu xx 00 eng d | ||
| 050 |
_aRT 10 _b.Et84 2004 |
||
| 245 |
_aEthical and professional issues in nursing : _bperspectives from Europe. |
||
| 300 |
_a197 p. : _c23 cm. |
||
| 521 | _aNUR | ||
| 650 |
_aNursing ethics _xEurope _xCase studies |
||
| 650 | _aNursing ethics. | ||
| 942 |
_cBK _2lcc _kFOR |
||
| 999 |
_c20825 _d20825 |
||